[Event "TATA 14th IBCA Olympiad"]
[Site "Chennai IND"]
[Date "2012.08.13"]
[Round "4.2"]
[White "Pirosca, Alexandru"]
[Black "Jandric, Damjan"]
[Result "0-1"]
[BlackTitle "CM"]
[WhiteElo "2015"]
[BlackElo "2055"]
[WhiteTeam "Romania"]
[BlackTeam "Serbia"]
[WhiteFideId "1211110"]
[BlackFideId "921475"]
[EventDate "2012.08.10"]
[EventType "team"]

1. e4 c5 2. Nf3 d6 3. d4 cxd4 4. Nxd4 Nf6 5. Nc3 a6 6. Be3 e5 7. Nb3 Be7 8. Qd2
O-O 9. Be2 Be6 10. a4 Qc7 11. a5 Nbd7 12. O-O Rfc8 13. Rfd1 Qc6 14. f3 h6 15.
Kh1 Bf8 16. Bf1 h5 17. g3 g6 18. Qd3 Bc4 19. Qxc4 Qxc4 20. Bxc4 Rxc4 21. Rd2
Rac8 22. Kg2 h4 23. g4 Nh7 24. Rc1 Ndf6 25. g5 Nd7 26. Nd5 f5 27. gxf6 Nhxf6 28.
Nxf6+ Nxf6 29. Bg5 Nh7 30. Be3 Kf7 31. c3 Be7 32. Rg1 Nf8 33. Kf2 Ne6 34. Ke2
R4c6 35. Kd1 Bd8 36. Rdg2 g5 37. h3 b6 38. axb6 Bxb6 39. Bxb6 Rxb6 40. Nc1 a5
41. Nd3 a4 42. Kd2 a3 43. bxa3 Rb3 44. Rc1 Rxa3 45. Rgg1 Ra2+ 46. Ke3 Rh2 47.
Nf2 Kg6 48. Rh1 Rxh1 49. Nxh1 Nf4 50. Nf2 Kh5 51. Rc2 Ra8 52. Rd2 Ra1 53. Rc2
Re1+ 54. Kd2 Re2+ 55. Kd1 Re3 56. Rd2 Rxf3 57. Ng4 Nxh3 0-1

[Event "TATA 14th IBCA Olympiad"]
[Site "Chennai IND"]
[Date "2012.08.13"]
[Round "4.3"]
[White "Avram, Sretko"]
[Black "Nistor, Mihai"]
[Result "1/2-1/2"]
[WhiteTitle "FM"]
[WhiteElo "2217"]
[BlackElo "1925"]
[WhiteTeam "Serbia"]
[BlackTeam "Romania"]
[WhiteFideId "925314"]
[BlackFideId "1215701"]
[EventDate "2012.08.10"]
[EventType "team"]

1. c4 Nf6 2. Nc3 g6 3. g3 Bg7 4. Bg2 O-O 5. Nf3 c6 6. e4 d6 7. O-O Qa5 8. d4 Bg4
9. h3 Bxf3 10. Bxf3 Nfd7 11. Be3 Na6 12. Qd2 c5 13. d5 Ne5 14. Be2 Qb4 15. a3
Qb3 16. Qd1 Qxd1 17. Raxd1 Nc7 18. Bd2 e6 19. f4 Nd7 20. b3 exd5 21. exd5 Rfe8
22. Bd3 f5 23. Rde1 Nf6 24. Rxe8+ Rxe8 25. Re1 Kf7 26. Kg2 h5 27. Kf3 Rxe1 28.
Bxe1 Nd7 29. g4 hxg4+ 30. hxg4 fxg4+ 31. Kxg4 Nf6+ 32. Kf3 Bh6 33. Bh4 Bg7 34.
Ne2 Nh5 35. Kg4 Nf6+ 36. Kf3 Nh5 37. Ng1 Bb2 38. a4 Bc3 39. Bg5 Bd4 40. Nh3 Ne8
41. Bd8 Bf6 42. Ng5+ Bxg5 43. fxg5 Nhg7 44. Kg4 Nh5 45. Ba5 b6 46. Bc3 a5 47.
Bd2 Nc7 48. Bf5 Ng7 49. Bc8 Nge8 50. Bf4 Ke7 51. Bd2 Kf7 1/2-1/2

[Event "TATA 14th IBCA Olympiad"]
[Site "Chennai IND"]
[Date "2012.08.13"]
[Round "4.4"]
[White "Bursuc, Mihai"]
[Black "Avram, Veso"]
[Result "0-1"]
[WhiteElo "1948"]
[BlackElo "2127"]
[WhiteTeam "Romania"]
[BlackTeam "Serbia"]
[WhiteFideId "1215086"]
[BlackFideId "925330"]
[EventDate "2012.08.10"]
[EventType "team"]

1. e4 c5 2. Nc3 e6 3. f4 a6 4. Nf3 Nc6 5. g3 d6 6. d3 Qc7 7. Bg2 b5 8. O-O b4 9.
Ne2 Bb7 10. Bd2 Nf6 11. h3 d5 12. e5 Nd7 13. c3 a5 14. Rc1 Be7 15. g4 h5 16. Ng3
hxg4 17. hxg4 Qb6 18. c4 dxc4 19. dxc4 O-O-O 20. Ne4 f6 21. Nd6+ Bxd6 22. exd6
e5 23. Be3 Nd4 24. Bxd4 exd4 25. Nxd4 Bxg2 26. Kxg2 cxd4 27. c5 Qc6+ 28. Kg3 Rh6
29. Qxd4 Rdh8 30. f5 Ne5 31. d7+ Qxd7 32. Qd6 Rh3+ 33. Kg2 Rh2+ 34. Kg3 R8h3+
35. Kf4 Nd3+ 0-1

[Event "TATA 14th IBCA Olympiad"]
[Site "Chennai IND"]
[Date "2012.08.13"]
[Round "4.1"]
[White "Grigorchuk, Sergey"]
[Black "Kakade, Atul"]
[Result "1-0"]
[WhiteElo "2302"]
[BlackElo "1647"]
[WhiteTeam "Ukraine"]
[BlackTeam "India - B"]
[WhiteFideId "14114879"]
[BlackFideId "25010271"]
[EventDate "2012.08.10"]
[EventType "team"]

1. d4 d6 2. c4 e5 3. Nf3 Bg4 4. dxe5 Bxf3 5. gxf3 dxe5 6. Qxd8+ Kxd8 7. Nc3 c6
8. Bd2 Nd7 9. O-O-O Kc7 10. Bh3 Rd8 11. f4 f6 12. Ne4 Be7 13. Rhg1 g6 14. fxe5
Nxe5 15. Bf4 g5 16. Nxg5 Rxd1+ 17. Rxd1 h5 18. Nf7 Rh7 19. Nxe5 fxe5 20. Bxe5+
Kb6 21. Rd7 Bg5+ 22. f4 Rxd7 23. Bxd7 Bh6 24. Kc2 Ne7 25. f5 Kc5 26. Kd3 a6 27.
b4+ Kb6 28. e4 Bg5 29. Bd6 a5 30. a3 axb4 31. axb4 h4 32. h3 Ng8 33. e5 Bf4 34.
f6 Nh6 35. Ke4 Bg3 36. Be6 c5 37. b5 Ka7 38. f7 Nxf7 39. Bxf7 b6 40. Kd5 Bf4 41.
e6 Bg5 42. e7 Bxe7 43. Bxe7 Kb7 44. Kd6 Kb8 45. Kc6 Ka7 46. Be6 Kb8 47. Kxb6 Ka8
48. Bxh4 Kb8 49. Bg3+ Ka8 50. Bd5# 1-0

[Event "TATA 14th IBCA Olympiad"]
[Site "Chennai IND"]
[Date "2012.08.13"]
[Round "4.3"]
[White "Konev, Victor"]
[Black "Patil, Shirish"]
[Result "0-1"]
[WhiteElo "2128"]
[BlackElo "1826"]
[WhiteTeam "Ukraine"]
[BlackTeam "India - B"]
[WhiteFideId "14111764"]
[BlackFideId "5081904"]
[EventDate "2012.08.10"]
[EventType "team"]

1. c4 e5 2. Nc3 Bb4 3. g3 Bxc3 4. dxc3 d6 5. Bg2 Nc6 6. Nf3 Nf6 7. O-O O-O 8. b3
Rb8 9. Qc2 b6 10. Rd1 Bb7 11. Ba3 Qe8 12. Nh4 Ne7 13. Rd3 Bxg2 14. Nxg2 Nd7 15.
Rad1 f5 16. b4 Nf6 17. Ne3 Qg6 18. Bc1 Rbe8 19. Ng2 Nh5 20. Rf1 Qe6 21. Qb3 Kh8
22. Bg5 h6 23. Bxe7 Qxe7 24. Ne3 f4 25. Nd5 Qf7 26. b5 e4 27. Rd4 fxg3 28. f3
gxh2+ 29. Kxh2 exf3 30. e3 Re5 31. Qd1 Rg5 32. Rf2 Rg2+ 33. Rxg2 fxg2 34. Qg4
Qf1 35. Rd1 Rf2 0-1

[Event "TATA 14th IBCA Olympiad"]
[Site "Chennai IND"]
[Date "2012.08.13"]
[Round "4.4"]
[White "Gaurav Gadodia"]
[Black "Yatsishin, Ivan"]
[Result "0-1"]
[WhiteElo "1807"]
[BlackElo "2137"]
[WhiteTeam "India - B"]
[BlackTeam "Ukraine"]
[WhiteFideId "5034230"]
[BlackFideId "14107643"]
[EventDate "2012.08.10"]
[EventType "team"]

1. e4 Nf6 2. Nc3 d5 3. exd5 Nxd5 4. Bc4 e6 5. Qf3 Nb4 6. Bb3 N8c6 7. Nge2 Na5 8.
Ne4 Nxb3 9. Qxb3 Qd5 10. O-O Qxe4 11. Ng3 Qxc2 12. Qf3 Qd3 13. Qf4 Nc2 14. Rb1
Nd4 15. Ra1 Bd6 16. Qg4 g6 17. b3 Bxg3 18. hxg3 e5 19. Qg5 Qf5 20. Qe3 Be6 21.
Ba3 Nc2 22. Qc5 Nxa3 23. Qxa3 Qd3 24. Rfe1 Qd4 25. Rac1 c6 26. d3 f6 27. Rcd1
Bf5 28. Kh2 h5 29. Kg1 O-O-O 30. b4 Kb8 31. Qb3 h4 32. g4 Qxg4 33. b5 h3 0-1

[Event "TATA 14th IBCA Olympiad"]
[Site "Chennai IND"]
[Date "2012.08.13"]
[Round "4.1"]
[White "Mlacnik, Franc"]
[Black "Pulvett, Daniel"]
[Result "0-1"]
[BlackTitle "IM"]
[WhiteElo "2124"]
[BlackElo "2383"]
[WhiteTeam "Slovenia"]
[BlackTeam "Venezuela"]
[WhiteFideId "14601923"]
[BlackFideId "3900410"]
[EventDate "2012.08.10"]
[EventType "team"]

1. e4 c5 2. Nf3 d6 3. d4 cxd4 4. Qxd4 a6 5. c4 Nc6 6. Qd2 Bg4 7. Be2 Rc8 8. b3
Nf6 9. Nc3 g6 10. O-O Bg7 11. Bb2 Qa5 12. Rfd1 O-O 13. Nd5 Qxd2 14. Nxf6+ Bxf6
15. Rxd2 Bxb2 16. Rxb2 Bxf3 17. Bxf3 Ne5 18. Be2 g5 19. h3 Kg7 20. g3 Kf6 21.
Kg2 Rh8 22. Bh5 Rc5 23. Rd2 a5 24. Rd5 a4 25. f4 gxf4 26. Rf1 axb3 27. axb3 Rxd5
28. exd5 Ra8 29. Rxf4+ Kg7 30. Rf2 Ra1 31. Rd2 Rb1 32. Bd1 Nd7 33. Bg4 Nc5 34.
Re2 Kf8 35. Ra2 Rxb3 36. Ra8+ Kg7 37. Re8 Kf6 38. Rh8 Rb2+ 39. Kf3 Nd3 40. Bh5
Ne5+ 41. Ke4 h6 42. Rg8 Rc2 43. h4 Rxc4+ 44. Ke3 b5 45. Be2 Rc3+ 46. Kf4 b4 47.
g4 Ng6+ 48. Ke4 0-1

[Event "TATA 14th IBCA Olympiad"]
[Site "Chennai IND"]
[Date "2012.08.13"]
[Round "4.2"]
[White "Otero, Harlen"]
[Black "Muri, Emil"]
[Result "1-0"]
[WhiteElo "2038"]
[BlackElo "2018"]
[WhiteTeam "Venezuela"]
[BlackTeam "Slovenia"]
[WhiteFideId "3902005"]
[BlackFideId "14601354"]
[EventDate "2012.08.10"]
[EventType "team"]

1. c4 g6 2. Nc3 Bg7 3. g3 e5 4. Bg2 c5 5. Nf3 Ne7 6. O-O O-O 7. d3 Nbc6 8. a3 a5
9. Rb1 d6 10. Ne1 Be6 11. e4 Rb8 12. Nc2 Nd4 13. b4 axb4 14. axb4 b6 15. Nxd4
exd4 16. Nb5 Qd7 17. bxc5 bxc5 18. Bf4 Be5 19. Bd2 Nc6 20. f4 Bg7 21. f5 gxf5
22. exf5 Bxf5 23. Bxc6 Qxc6 24. Rxf5 Rfe8 25. Qg4 Re7 26. Bh6 f6 27. Rbf1 Rbe8
28. Rxf6 Qb7 29. Nxd6 1-0

[Event "TATA 14th IBCA Olympiad"]
[Site "Chennai IND"]
[Date "2012.08.13"]
[Round "4.1"]
[White "Moradiyan, Meysam"]
[Black "Magnusson, Jorgen"]
[Result "0-1"]
[BlackTitle "FM"]
[WhiteElo "1992"]
[BlackElo "2273"]
[WhiteTeam "Iran"]
[BlackTeam "Sweden"]
[WhiteFideId "12507725"]
[BlackFideId "1700880"]
[EventDate "2012.08.10"]
[EventType "team"]

1. d4 e6 2. c4 f5 3. Nc3 Nf6 4. g3 Bb4 5. Bg2 O-O 6. a3 Bxc3+ 7. bxc3 d6 8. f4
Nbd7 9. Nf3 Qe7 10. O-O Rd8 11. Qb3 c5 12. Rd1 Rb8 13. d5 exd5 14. cxd5 Qxe2 15.
Ra2 Qa6 16. Ng5 c4 17. Qb4 Nc5 18. Bf1 b5 19. Be3 h6 20. Nf3 Bb7 21. Qb1 Bxd5
22. Nh4 Be4 23. Qb2 Nd3 24. Bxd3 Bxd3 25. Bd4 Nd5 26. Qf2 Rb7 27. Rxd3 cxd3 28.
Nxf5 Qc6 29. Qf3 Re8 30. Qg4 Re1+ 31. Kf2 Qe8 32. Nxh6+ Kh8 33. Qh4 Re2+ 34. Kf1
Re1+ 35. Kf2 Re2+ 36. Kf1 Ne3+ 37. Bxe3 0-1

[Event "TATA 14th IBCA Olympiad"]
[Site "Chennai IND"]
[Date "2012.08.13"]
[Round "4.2"]
[White "Berggren, Patrik"]
[Black "Mousavi, Emadeddin"]
[Result "0-1"]
[WhiteElo "1935"]
[BlackElo "1877"]
[WhiteTeam "Sweden"]
[BlackTeam "Iran"]
[WhiteFideId "1709917"]
[BlackFideId "12522031"]
[EventDate "2012.08.10"]
[EventType "team"]

1. e4 c5 2. Nc3 Nc6 3. f4 e6 4. Nf3 Nge7 5. e5 Nf5 6. Ne4 d5 7. exd6 Bxd6 8.
Nxd6+ Qxd6 9. g3 O-O 10. Bg2 b6 11. O-O Bb7 12. d3 Rad8 13. Qe2 Ncd4 14. Qf2
Bxf3 15. Bxf3 Nxf3+ 16. Qxf3 c4 17. Rd1 Qc5+ 18. Qf2 cxd3 19. Qxc5 bxc5 20. cxd3
c4 21. g4 Nd4 22. Kf2 Nc2 23. Rb1 cxd3 24. b4 Rd5 25. b5 h5 26. h3 hxg4 27. hxg4
Rfd8 28. Be3 Nxe3 29. Kxe3 Rd4 30. Rd2 g5 31. fxg5 Rxg4 32. Rb3 Rxg5 33. Rdxd3
Rg3+ 34. Kd2 Rg2+ 35. Ke3 Rxd3+ 36. Kxd3 Rxa2 37. Ke4 f6 38. b6 Ra4+ 39. Kf3
axb6 40. Rxb6 Kf7 41. Rb8 Kg6 42. Ke3 Kf5 43. Rb3 Rh4 44. Rb5+ e5 45. Kf2 Rh3
46. Ra5 Kf4 47. Kg2 Rb3 48. Ra2 e4 49. Kf2 f5 50. Kg2 Kg4 51. Re2 e3 52. Ra2 Rd3
53. Kf1 Kf3 54. Ra1 Rd2 55. Rb1 f4 56. Ra1 Rh2 57. Kg1 Rf2 58. Rb1 Kg3 59. Re1
e2 60. Ra1 Rg2+ 61. Kh1 Kf2 62. Ra2 0-1

[Event "TATA 14th IBCA Olympiad"]
[Site "Chennai IND"]
[Date "2012.08.13"]
[Round "4.3"]
[White "Bagheri, Majjid"]
[Black "Berggren, Marcus"]
[Result "1/2-1/2"]
[WhiteElo "1958"]
[BlackElo "1933"]
[WhiteTeam "Iran"]
[BlackTeam "Sweden"]
[WhiteFideId "12524158"]
[BlackFideId "1710036"]
[EventDate "2012.08.10"]
[EventType "team"]

1. Nf3 f5 2. e4 d6 3. Nc3 Nf6 4. Bd3 fxe4 5. Nxe4 e5 6. Nfg5 Nxe4 7. Nxe4 Nd7 8.
c4 Nf6 9. Ng5 Bg4 10. Qc2 Qd7 11. f3 Be6 12. Nxh7 Nxh7 13. Bxh7 O-O-O 14. Bg6
Be7 15. b3 Bh4+ 16. Ke2 Kb8 17. d3 c6 18. Be3 Bf6 19. Rab1 Rc8 20. Qd2 Bf5 21.
Bxf5 Qxf5 22. b4 d5 23. Qc2 Bg5 24. Bxg5 Qxg5 25. Kf2 Qh4+ 26. Kf1 Qf4 27. h3 g5
28. Re1 g4 29. Qc1 Qf5 30. Qe3 gxh3 31. g4 Qf8 32. Qxe5+ Ka8 33. Kf2 dxc4 34.
dxc4 Qxb4 35. Kg3 Qxc4 36. Rxh3 Rxh3+ 37. Kxh3 Qxa2 38. g5 Qf2 39. Kg4 Qg2+ 40.
Qg3 Qc2 41. Qe5 1/2-1/2

[Event "TATA 14th IBCA Olympiad"]
[Site "Chennai IND"]
[Date "2012.08.13"]
[Round "4.1"]
[White "Nizam, Rasim"]
[Black "Torres, Saulo De Jesus"]
[Result "1-0"]
[WhiteTitle "IM"]
[WhiteElo "2232"]
[BlackElo "1914"]
[WhiteTeam "Bulgaria"]
[BlackTeam "Columbia"]
[WhiteFideId "2906708"]
[BlackFideId "4403622"]
[EventDate "2012.08.10"]
[EventType "team"]

1. e4 c5 2. Nf3 Nc6 3. Bb5 Nd4 4. Nxd4 cxd4 5. O-O g6 6. d3 Bg7 7. Nd2 e6 8. Nf3
Ne7 9. Ba4 O-O 10. Bf4 a6 11. Qd2 b5 12. Bb3 Bb7 13. Bh6 Nc6 14. Bxg7 Kxg7 15.
Qf4 f6 16. Qd6 e5 17. Bd5 Rb8 18. a4 Qe7 19. Qxe7+ Nxe7 20. Bb3 b4 21. Nd2 d5
22. f4 dxe4 23. dxe4 f5 24. exf5 e4 25. fxg6 Nxg6 26. g3 Ne7 27. Nxe4 Nf5 28.
Ng5 Rfe8 29. Ne6+ Kf6 30. Rfe1 Rbc8 31. Rad1 Ne3 32. Rd2 Nxc2 33. Rxc2 Rxc2 34.
Bxc2 Rxe6 35. Rxe6+ Kxe6 36. Bxh7 a5 37. Kf2 Ba6 38. Be4 Bc4 39. h4 Bb3 40. h5
Bxa4 41. h6 Kf6 42. g4 Bb3 43. g5+ Kf7 44. f5 a4 45. h7 1-0

[Event "TATA 14th IBCA Olympiad"]
[Site "Chennai IND"]
[Date "2012.08.13"]
[Round "4.4"]
[White "Jaimes, Fredy Alexander"]
[Black "Kichukov, Milko"]
[Result "1-0"]
[WhiteElo "1717"]
[BlackElo "1821"]
[WhiteTeam "Columbia"]
[BlackTeam "Bulgaria"]
[WhiteFideId "4418514"]
[BlackFideId "2917882"]
[EventDate "2012.08.10"]
[EventType "team"]

1. e4 e5 2. Nf3 Nc6 3. d4 exd4 4. Nxd4 Bc5 5. Be3 Qf6 6. Nb5 Bxe3 7. fxe3 Kd8 8.
Qg4 g6 9. Qf4 d6 10. Bc4 Ne5 11. O-O Qe7 12. N1c3 c6 13. Bxf7 Nxf7 14. Qxf7 Kd7
15. Rad1 cxb5 16. Nxb5 Qxf7 17. Rxf7+ Kc6 18. a4 a6 19. Nc7 Nh6 20. Re7 Bg4 21.
Nd5 Rac8 22. Rd3 b5 23. Rc3# 1-0

[Event "TATA 14th IBCA Olympiad"]
[Site "Chennai IND"]
[Date "2012.08.13"]
[Round "4.2"]
[White "Bibikov, Yuriy"]
[Black "Murin, Miroslav"]
[Result "1-0"]
[WhiteElo "2038"]
[BlackElo "1866"]
[WhiteTeam "Kazakhstan"]
[BlackTeam "Slovakia"]
[WhiteFideId "13705814"]
[BlackFideId "14919303"]
[EventDate "2012.08.10"]
[EventType "team"]

1. c4 e5 2. Nc3 Nf6 3. g3 d5 4. cxd5 Nxd5 5. Bg2 Be6 6. Nf3 Nc6 7. O-O Be7 8. d3
O-O 9. Bd2 Kh8 10. Nxd5 Bxd5 11. Bc3 e4 12. dxe4 Bxe4 13. Qa4 Bf5 14. e4 Bd7 15.
Qb3 Qc8 16. Rad1 Be6 17. Qa4 Rb8 18. Qc2 Rd8 19. a3 Bg4 20. Rxd8+ Nxd8 21. Ne5
Be6 22. Qa4 c6 23. Qxa7 f6 24. Nf3 Nf7 25. Qe3 Bd6 26. Nd4 Bg4 27. f4 Bc5 28.
Kh1 Qd7 29. Qd2 Rd8 30. Nb3 Qc7 31. Qc2 Bd6 32. h3 Be6 33. Nd4 Bd7 34. Nf3 Re8
35. Re1 Qc8 36. Kh2 Bc7 37. b4 Kg8 38. Qa2 Be6 39. Qb2 Qb8 40. Nd4 Bd7 41. Qc2
Qa7 42. Bb2 Bb6 43. Qd2 Rd8 44. Rd1 c5 45. bxc5 Bxc5 46. Qc3 Bb6 47. Rd3 Qa5 48.
Qxa5 Bxa5 49. Nb3 Bb5 50. Rxd8+ Bxd8 51. Nd4 Bc4 52. Nc2 Kf8 53. Ne3 Ba6 54. Nd5
Bb5 55. Kg1 Bc6 56. Nb4 Bd7 57. Kf2 Bb5 58. Ke3 Bb6+ 59. Bd4 Bc7 60. Bc5+ Ke8
61. Nd5 Bb8 62. Kd4 Nd6 63. Nc3 Bc6 64. Bf1 Kd7 65. Be2 Kc7 66. Nd5+ Kd7 67.
Bg4+ Ke8 68. Nc3 Bc7 69. e5 fxe5+ 70. fxe5 1-0

[Event "TATA 14th IBCA Olympiad"]
[Site "Chennai IND"]
[Date "2012.08.13"]
[Round "4.3"]
[White "Dendis, Emil"]
[Black "Kabyzhanov, Bulat"]
[Result "0-1"]
[WhiteElo "1724"]
[BlackElo "2109"]
[WhiteTeam "Slovakia"]
[BlackTeam "Kazakhstan"]
[WhiteFideId "14930439"]
[BlackFideId "13705822"]
[EventDate "2012.08.10"]
[EventType "team"]

1. d4 d5 2. c4 e6 3. Nf3 Nf6 4. Nc3 Be7 5. Bg5 Nbd7 6. e3 O-O 7. Bd3 b6 8. cxd5
exd5 9. O-O Bb7 10. Qc2 c5 11. Rfd1 c4 12. Bf1 a6 13. a4 Rc8 14. h3 Ne4 15. Bxe7
Qxe7 16. Nd2 f5 17. g3 Nxg3 18. Bg2 Ne4 19. Ndxe4 fxe4 20. Qe2 Qh4 21. Rf1 Nf6
22. Qe1 Qh6 23. f4 Ne8 24. Qg3 Nd6 25. Rae1 Bc6 26. Rf2 Nf5 27. Qg5 Qf6 28. Bf1
Nh4 29. Qxf6 Rxf6 30. Be2 Rb8 31. Kh2 b5 32. axb5 axb5 33. Ra1 b4 34. Nd1 Ra8
35. Rxa8+ Bxa8 36. Kg3 Nf5+ 37. Kg4 g6 38. h4 h5+ 39. Kh3 Bc6 40. Rg2 Bd7 41.
Kh2 Nxh4 42. Rg5 Rf5 43. Rg1 Rf6 44. Bxh5 Kf7 45. Be2 Ra6 46. Kg3 Nf5+ 47. Kf2
Ra2 48. Bg4 c3 0-1

[Event "TATA 14th IBCA Olympiad"]
[Site "Chennai IND"]
[Date "2012.08.13"]
[Round "4.1"]
[White "Cajzler, Hinko"]
[Black "Vrioni, Bersan"]
[Result "1-0"]
[WhiteElo "2159"]
[BlackElo "1855"]
[WhiteTeam "Croatia"]
[BlackTeam "Italy"]
[WhiteFideId "14501376"]
[BlackFideId "805351"]
[EventDate "2012.08.10"]
[EventType "team"]

1. c4 e5 2. Nc3 Nc6 3. g3 Nf6 4. Bg2 d6 5. e3 Be7 6. h3 Bd7 7. d4 O-O 8. Nge2
Re8 9. O-O Qc8 10. Kh2 h6 11. d5 Nd8 12. e4 Nh7 13. Be3 f5 14. f4 Nf7 15. exf5
Bxf5 16. g4 Bxg4 17. hxg4 Qxg4 18. Bh3 Qh4 19. Ng3 g6 20. Nce4 Nf6 21. Nxf6+
Bxf6 22. Qc2 Kh7 23. Rf2 h5 24. Kg2 exf4 25. Rxf4 Qg5 26. Re4 Qxe3 27. Rxe3 Rxe3
28. Nxh5 Bg5 29. Be6 Ne5 30. Rh1 Nd3 31. Nf4+ Kg7 32. Nxd3 Rf8 33. Rf1 1-0

[Event "TATA 14th IBCA Olympiad"]
[Site "Chennai IND"]
[Date "2012.08.13"]
[Round "4.2"]
[White "Casadei, Marco"]
[Black "Marendic, Vlatko"]
[Result "0-1"]
[WhiteElo "1803"]
[BlackElo "2073"]
[WhiteTeam "Italy"]
[BlackTeam "Croatia"]
[WhiteFideId "847542"]
[BlackFideId "14503336"]
[EventDate "2012.08.10"]
[EventType "team"]

1. e4 c5 2. Nf3 Nc6 3. d4 cxd4 4. Nxd4 Nf6 5. Nc3 e5 6. Ndb5 d6 7. Bg5 a6 8. Na3
b5 9. Nd5 Be7 10. Bxf6 Bxf6 11. c3 Bg5 12. Nc2 O-O 13. g3 Rb8 14. a4 bxa4 15.
Rxa4 Rxb2 16. Bxa6 Bxa6 17. Rxa6 Ne7 18. Nxe7+ Qxe7 19. O-O Qb7 20. Rxd6 Qxe4
21. Rd3 Be7 22. Ne3 Bc5 23. Re1 Qb7 24. Rd8 f6 25. Qd5+ Qxd5 26. Rxd5 Rc8 27.
Kf1 Bb6 28. c4 Bxe3 29. Rxe3 Rxc4 30. Re2 Rc1+ 31. Re1 Rcc2 32. Red1 Rxf2+ 33.
Kg1 0-1

[Event "TATA 14th IBCA Olympiad"]
[Site "Chennai IND"]
[Date "2012.08.13"]
[Round "4.4"]
[White "Murgia, Stefano"]
[Black "Zaja, Stjepan1"]
[Result "1-0"]
[WhiteElo "1709"]
[BlackElo "1795"]
[WhiteTeam "Italy"]
[BlackTeam "Croatia"]
[WhiteFideId "876011"]
[BlackFideId "14518732"]
[EventDate "2012.08.10"]
[EventType "team"]

1. e4 c5 2. Nf3 Nc6 3. d4 cxd4 4. Nxd4 Nf6 5. Nc3 d6 6. Bg5 e6 7. Qd2 Be7 8.
O-O-O a6 9. f3 O-O 10. h4 Nxd4 11. Qxd4 Qa5 12. Kb1 Rd8 13. Qd2 Qc7 14. Bd3 b5
15. Ne2 Bb7 16. g4 a5 17. h5 a4 18. Bh4 Rdb8 19. g5 Nxh5 20. g6 Bxh4 21. gxh7+
Kh8 22. Rxh4 g6 23. Rxh5 gxh5 24. Ng3 h4 25. Qh6 f5 26. Qf6+ Kxh7 27. Rh1 1-0

[Event "TATA 14th IBCA Olympiad"]
[Site "Chennai IND"]
[Date "2012.08.13"]
[Round "4.1"]
[White "Deville, Olivier"]
[Black "Harnandan, Sergio"]
[Result "1-0"]
[WhiteElo "1976"]
[BlackElo "1982"]
[WhiteTeam "France"]
[BlackTeam "Netherland"]
[WhiteFideId "624160"]
[BlackFideId "1029169"]
[EventDate "2012.08.10"]
[EventType "team"]

1. Nf3 c5 2. c4 g6 3. Nc3 Nf6 4. g3 Bg7 5. Bg2 Nc6 6. O-O O-O 7. d4 cxd4 8. Nxd4
Ng4 9. e3 Nge5 10. b3 d6 11. h3 Nxd4 12. exd4 Nc6 13. Ne2 Bd7 14. Bb2 Qc8 15.
Kh2 Nd8 16. Qd2 Bc6 17. d5 Bd7 18. Bxg7 Kxg7 19. Nd4 Rb8 20. Rac1 f6 21. Rfe1
Re8 22. Rc3 Nf7 23. Rce3 Qd8 24. Qe2 Kf8 25. Ne6+ Bxe6 26. Rxe6 a6 27. b4 Rc8
28. f4 Rc7 29. Re4 Qd7 30. Qe3 Qa4 31. Qb3 Qxb3 32. axb3 Nh6 33. Rc1 Rec8 34.
Bf1 Nf5 35. g4 Nh6 36. Re2 Nf7 37. Rec2 Ke8 38. c5 Kd8 39. c6 b5 40. Ra1 Ra8 41.
Rca2 Rca7 42. Bxb5 Rb8 43. Bxa6 Rxb4 44. Bc4 Rxa2+ 45. Rxa2 Kc7 46. Ra7+ 1-0

[Event "TATA 14th IBCA Olympiad"]
[Site "Chennai IND"]
[Date "2012.08.13"]
[Round "4.3"]
[White "Lucas, Melvyn Andre"]
[Black "Bremer, Erik"]
[Result "1-0"]
[WhiteElo "1667"]
[BlackElo "1547"]
[WhiteTeam "South Africa"]
[BlackTeam "Denmark"]
[WhiteFideId "14304660"]
[BlackFideId "1411578"]
[EventDate "2012.08.10"]
[EventType "team"]

1. d4 Nf6 2. Nf3 d5 3. Bf4 e6 4. Nbd2 c5 5. e3 Nc6 6. c3 Bd6 7. Ne5 Bxe5 8. dxe5
Nd7 9. Bb5 O-O 10. Bxc6 bxc6 11. O-O Ba6 12. Re1 Bd3 13. e4 Ba6 14. Qa4 Bb5 15.
Qa3 Qb6 16. Nb3 Qa6 17. Qxa6 Bxa6 18. Be3 c4 19. Nc5 Nxc5 20. Bxc5 Rfe8 21. f4
Bc8 22. Rad1 a6 23. Kf2 Rb8 24. Rd2 f6 25. exd5 exd5 26. exf6 Rxe1 27. Kxe1 gxf6
28. g4 Bxg4 29. Rg2 Re8+ 30. Kf1 f5 31. h3 h5 32. hxg4 hxg4 33. b3 cxb3 34. axb3
Re4 35. Rf2 Kf7 36. Bd4 Kg6 37. b4 Kf7 38. Be5 Kg6 39. Ra2 Kh5 40. Rh2+ Kg6 41.
Rh8 Re3 42. Rc8 Kh5 43. Rxc6 g3 44. Rxa6 Kg4 45. Ra2 Kh3 46. b5 Rf3+ 47. Kg1 Rd3
48. Ra1 Rd2 49. Rb1 Rg2+ 50. Kf1 Ra2 51. b6 g2+ 52. Ke1 Ra5 53. b7 1-0

[Event "TATA 14th IBCA Olympiad"]
[Site "Chennai IND"]
[Date "2012.08.14"]
[Round "5.1"]
[White "Crouch, Colin S"]
[Black "Desanjose Candalija, Eduardo"]
[Result "1/2-1/2"]
[WhiteTitle "IM"]
[BlackTitle "FM"]
[WhiteElo "2373"]
[BlackElo "2238"]
[WhiteTeam "UK"]
[BlackTeam "Spain"]
[WhiteFideId "400947"]
[BlackFideId "2256827"]
[EventDate "2012.08.10"]
[EventType "team"]

1. d4 Nf6 2. c4 e6 3. Nf3 b6 4. g3 Bb7 5. Bg2 Be7 6. O-O O-O 7. Nc3 Ne4 8. Nxe4
Bxe4 9. Ne1 Bxg2 10. Nxg2 d5 11. cxd5 Qxd5 12. Be3 Nd7 13. Qa4 Nf6 14. Rac1 Bd6
15. Nf4 Qe4 16. Qc2 Qxc2 17. Rxc2 e5 18. dxe5 Bxe5 19. Nd3 Bd6 20. Bg5 c5 21.
Bxf6 gxf6 22. Rd1 Rfd8 23. b3 Be5 24. Kg2 Rd5 25. Rdc1 Rad8 26. Rc4 Bd6 27. Ra4
Rd7 28. Ra6 Kg7 29. Rc2 Re7 30. Nb2 h5 31. Nc4 Kg6 32. Na3 Bb8 33. Nb5 Red7 34.
e3 h4 35. gxh4 f5 36. Ra4 f6 37. Kf3 f4 38. Re4 fxe3 39. fxe3 Rd2 40. Rg4+ Kh5
41. Rxd2 Rxd2 42. Rg8 Bxh2 43. Nxa7 Rxa2 44. Nc8 b5 45. Ne7 Kxh4 46. Rh8+ Kg5
47. Rg8+ Kh5 48. Rh8+ Kg5 1/2-1/2

[Event "TATA 14th IBCA Olympiad"]
[Site "Chennai IND"]
[Date "2012.08.14"]
[Round "5.2"]
[White "Palacios Perez, Manuel"]
[Black "Ross, Chris N"]
[Result "0-1"]
[WhiteElo "2166"]
[BlackElo "2231"]
[WhiteTeam "Spain"]
[BlackTeam "UK"]
[WhiteFideId "2205505"]
[BlackFideId "410411"]
[EventDate "2012.08.10"]
[EventType "team"]

1. d4 e6 2. c4 Nf6 3. Nc3 Bb4 4. Qc2 O-O 5. e4 d5 6. e5 Ne4 7. Bd3 c5 8. cxd5
exd5 9. Ne2 cxd4 10. Nxd4 Nd7 11. f4 Qh4+ 12. g3 Qh3 13. Bf1 Qh6 14. Bg2 Qa6 15.
a3 Ndc5 16. Bf1 Bxc3+ 17. Qxc3 Qb6 18. Qb4 Qd8 19. Nb3 a5 0-1